| 000 | 01044nam a22003257a 4500 | ||
|---|---|---|---|
| 001 | BR9602991 | ||
| 003 | BR-BrBNA | ||
| 005 | 20230928095227.0 | ||
| 007 | ta | ||
| 008 | 230509b bl.||||| |||| 00| 0 por d | ||
| 040 |
_aBR-BrBNA _bpor _cBiblioteca Nacional de Agricultura |
||
| 041 | _a(Por) | ||
| 072 |
_aP35; P33 _b0336 |
||
| 090 | _ 0336 BR9602991 | ||
| 100 | 1 | _aBorges, E.N. | |
| 110 | 1 |
_aEscola Superior de Agricultura Luiz de Queiroz, Piracicaba, SP (Brasil) _0Tese (Doutor em Agronomia) |
|
| 245 | 1 | _aEfeito de doses de gesso+materia seca de crotalaria e de niveis de compactacao em atributos fisicos de um latossolo vermelho-escuro | |
| 260 | 3 |
_aPiracicaba, SP (Brasil): _c1995. |
|
| 300 | _a136 p. | ||
| 500 | _aBibliography p. 111-136; Summaries (Eng, Por); 30 tables | ||
| 650 | _aSoja | ||
| 650 | _aCrotalaria | ||
| 650 | _aMateria Seca | ||
| 650 | _aGesso | ||
| 650 | _aCompactacao do Solo | ||
| 650 | _aLatossolo Vermelho Escuro | ||
| 650 | _aEstufa | ||
| 909 |
_a202309 _bLucia _c55 _dLucia Elande |
||
| 942 | _cBK | ||
| 999 |
_c55309 _d55309 |
||